000 00917nam a2200205Ia 4500
005 20251215152030.0
008 250219s9999||||xx |||||||||||||| ||und||
100 _aحناشي، ياسين
245 0 _aقياس إتجاهات تلاميذ المرحلة الثانوية في البيئة الحضرية الريفية نحو ممارسة النشاط الرياضي الترفيهي
260 _aالجزائر
_c2016
300 _a182 و.
_c30 سم.
502 _aدكتوراه
502 _cمعهد التربية البدنية و الرياضية، جامعة الجزائر 3
653 _aالنشاط البدني
653 _aقياس الإتجاهات
700 _aساكر, طارق
710 _aمعهد التربية البدنية و الرياضية، جامعة الجزائر 3
856 _uhttps://dspace.univ-alger3.dz/jspui/handle/123456789/9377
942 _cأطروحات
999 _c14473
_d14473